000 00285nam a2200133Ia 4500
100 _aUffenbeck / john
942 _cBK
654 _aprogramming
245 _aThe 80x86 Family:Desin
260 _bPearson Education
_c2002
082 _a4.16
_bUFF
300 _a678
546 _aENGLISH
999 _c26854
_d26854